000 00664nam a2200253Ia 4500
001 47708
005 20240114003841.0
007 ta
008 090505s2001 g b000 u 465 u
020 _a81-7132-293-X
_c695.00
040 _aCotton College,Assam
041 _a465
082 _a020
_bNAT
100 _aNath, Mahendra .
245 0 _aHand Book of Library Services /
_cMahendra Nath.
_hTextual Documents
250 _a1st ed /
260 _aJaipur :
_bPointer Publishers ,
_c2001.
300 _a327p ;
_c23 cm.
365 _a695.00
653 _aLibrary Science
942 _2ddc
_cBK
999 _c47673
_d47673